<?xml version="1.0" encoding="UTF-8"?>
<record
    xmlns:xsi="http://www.w3.org/2001/XMLSchema-instance"
    xsi:schemaLocation="http://www.loc.gov/MARC21/slim http://www.loc.gov/standards/marcxml/schema/MARC21slim.xsd"
    xmlns="http://www.loc.gov/MARC21/slim">

  <leader>00499nam  2200157   4500</leader>
  <controlfield tag="001">5649</controlfield>
  <datafield tag="090" ind1=" " ind2=" ">
    <subfield code="a">5649</subfield>
  </datafield>
  <datafield tag="100" ind1=" " ind2=" ">
    <subfield code="a">20190729k        u||y0frey50      ba</subfield>
  </datafield>
  <datafield tag="101" ind1=" " ind2=" ">
    <subfield code="a">fre</subfield>
  </datafield>
  <datafield tag="200" ind1=" " ind2=" ">
    <subfield code="a">La lutte des femmes dans l'habillement et le textile</subfield>
    <subfield code="b">Brochure</subfield>
    <subfield code="f">Service formation du PSU</subfield>
  </datafield>
  <datafield tag="210" ind1=" " ind2=" ">
    <subfield code="a">Paris, France</subfield>
    <subfield code="c">Parti socialiste unifi&#xE9; (PSU)</subfield>
  </datafield>
  <datafield tag="606" ind1=" " ind2=" ">
    <subfield code="a">Mouvement ouvrier</subfield>
    <subfield code="9">1057</subfield>
  </datafield>
  <datafield tag="606" ind1=" " ind2=" ">
    <subfield code="9">3004</subfield>
    <subfield code="a">Condition f&#xE9;minine</subfield>
  </datafield>
  <datafield tag="607" ind1=" " ind2=" ">
    <subfield code="9">521</subfield>
    <subfield code="a">France</subfield>
  </datafield>
  <datafield tag="710" ind1=" " ind2=" ">
    <subfield code="9">2740</subfield>
    <subfield code="a">Parti Socialiste Unifi&#xE9; (PSU)</subfield>
  </datafield>
  <datafield tag="801" ind1=" " ind2=" ">
    <subfield code="a">CH</subfield>
    <subfield code="b">CH-002049-8</subfield>
  </datafield>
  <datafield tag="995" ind1=" " ind2=" ">
    <subfield code="1">0</subfield>
    <subfield code="2">0</subfield>
    <subfield code="3">0</subfield>
    <subfield code="5">2025-10-30</subfield>
    <subfield code="9">6512</subfield>
    <subfield code="b">ARCHIC</subfield>
    <subfield code="c">ARCHIC</subfield>
    <subfield code="e">Brochures</subfield>
    <subfield code="f">7409</subfield>
    <subfield code="h">Lucile Hanouz</subfield>
    <subfield code="k">Broch 2442</subfield>
    <subfield code="o">1</subfield>
  </datafield>
</record>
